Deception On His Mind /Bp

Sparad:
Bibliografiska uppgifter
Huvudupphovsman: George Elizabeth
Materialtyp: Bok
Publicerad: Hodder & Stoughton
Taggar: Lägg till en tagg
Inga taggar, Lägg till första taggen!
LEADER 00702cam a22001937a 4500
001 (Sirsi) i9781444738346
005 20190330165342.0
008 190219n xx ||||||||||||||||| |d
020 |a 9781444738346 
040 |a SMLIBRARY  |b eng  |c SMLIBRARY  |e AACR2 
100 |a George Elizabeth 
245 1 |a Deception On His Mind /Bp 
260 |b Hodder & Stoughton 
901 |a GEO  |i BK10009582C  |m SMLIBRARY  |l ADULT  |t BOOK  |p 51.00  |x ADULT  |z AFIC  |u 18/11/2013 
903 |a SMLNEWITEM 
904 |a 1 
942 |2 ddc  |c BOOK 
952 |0 1  |1 0  |2 ddc  |4 0  |6 GEO  |7 0  |8 ADULT | AFIC  |9 40679  |a SMLIBRARY  |b SMLIBRARY  |c ADULT  |d 2013-11-18  |g 51.00  |l 0  |o GEO  |p BK10009582C  |r 2019-03-30 00:00:00  |t 1  |v 51.00  |w 2019-06-25  |y ADULTBOOK 
999 |c 34793  |d 34793